00424nam a2200145Ia 4500008004100000082001000041100002100051245002500072260001300097630002500110730002500135942000900160999001900169952009000188100328s9999 xx 000 0 und d b25041 aMikhail Prishvin aThe Sun's StoreHouse bProgress aThe Sun's StoreHouse aThe Sun's StoreHouse cBOOK c518067d518064 00104070aRNVbRNVd2010-03-28l0pRNV-25041r2010-03-28 00:00:00w2010-03-28yBOOK